[Event "FICS rated lightning game"]
[Site "FICS freechess.org"]
[Date "2018.01.23"]
[Round "?"]
[White "rendelan"]
[Black "rossoscuro"]
[Result "1-0"]
[WhiteElo "2004"]
[BlackElo "1900"]
[PlyCount "67"]
[EventDate "2018.??.??"]

1. e4 e5 2. Nf3 Nc6 3. c3 d5 4. Qa4 dxe4 5. Nxe5 Bd7 6. Nxd7 Qxd7 7. Qxe4+ Be7
8. d4 O-O-O 9. Be2 f5 10. Qc2 Nf6 11. O-O h6 12. b4 g5 13. a4 g4 14. a5 Rdg8
15. b5 Nd8 16. b6 a6 17. bxc7 Ne6 18. Ba3 Bxa3 19. Nxa3 Ng5 20. Nc4 Nf3+ 21.
Bxf3 gxf3 22. Nb6+ Kxc7 23. Nxd7 Nxd7 24. g3 f4 25. Qe4 fxg3 26. fxg3 h5 27.
Qxf3 h4 28. Qf4+ Kc8 29. g4 Rg6 30. h3 Rhg8 31. Rf2 Nf6 32. Qf5+ Kb8 33. c4 Nh5
34. Qxh5 {Black resigns} 1-0

[Event "FICS rated blitz game"]
[Site "FICS freechess.org"]
[Date "2018.01.23"]
[Round "?"]
[White "lopencjo"]
[Black "trss"]
[Result "0-1"]
[WhiteElo "1864"]
[BlackElo "1680"]
[PlyCount "110"]
[EventDate "2018.??.??"]
[EventType "blitz"]

1. e4 e5 2. Nf3 Nc6 3. c3 Nf6 4. d4 d6 5. Bb5 Bd7 6. Bxc6 Bxc6 7. dxe5 dxe5 8.
Qxd8+ Kxd8 9. Nxe5 Be8 10. f3 Bd6 11. Nc4 Bb5 12. Nxd6 cxd6 13. Bf4 Kc7 14. Na3
Bc6 15. O-O-O Rad8 16. Nc4 Ne8 17. e5 dxe5 18. Bxe5+ Kc8 19. Rxd8+ Kxd8 20.
Rd1+ Ke7 21. Re1 Kd7 22. Bd4 f6 23. Bxa7 b5 24. Na5 Bd5 25. Bc5 Nd6 26. Rd1 Ke6
27. Nb3 Nf5 28. Re1+ Kf7 29. g4 Bxb3 30. axb3 Nh4 31. f4 Rg8 32. Re7+ Kg6 33.
Be3 f5 34. h3 Ng2 35. Bd2 Kf6 36. Re5 fxg4 37. hxg4 b4 38. c4 Rd8 39. g5+ Kf7
40. Rd5 Rxd5 41. cxd5 Ke7 42. Bxb4+ Kd7 43. d6 Nxf4 44. Kd2 Nd5 45. Bc5 Nf4 46.
Ke3 Ne6 47. b4 Nxg5 48. Kf4 Ne6+ 49. Ke5 Nxc5 50. bxc5 g5 51. b4 h5 52. Kf5 h4
53. Kg4 Kc6 54. b5+ Kd7 55. b6 Kc6 0-1

[Event "FICS rated blitz game"]
[Site "FICS freechess.org"]
[Date "2018.01.23"]
[Round "?"]
[White "jsssstplayinn"]
[Black "asalman"]
[Result "1-0"]
[WhiteElo "1606"]
[BlackElo "1688"]
[PlyCount "105"]
[EventDate "2018.??.??"]
[EventType "blitz"]

1. e4 e5 2. Nf3 Nc6 3. c3 Bc5 4. Bb5 d6 5. d4 exd4 6. cxd4 Bb4+ 7. Nc3 Bd7 8.
d5 Nce7 9. Bxd7+ Qxd7 10. O-O Ng6 11. Bg5 N8e7 12. Qa4 Bxc3 13. Qxd7+ Kxd7 14.
bxc3 f6 15. Be3 Ne5 16. Nd4 Rhc8 17. Rab1 b6 18. Ne6 g6 19. Rbc1 c6 20. c4 cxd5
21. exd5 Nxc4 22. Bh6 Ne5 23. Nf8+ Ke8 24. Rxc8+ Rxc8 25. Nxh7 Nxd5 26. Rd1 Rc5
27. f4 Ng4 28. Bg7 Kf7 29. Nf8 Kxg7 30. Ne6+ Kh6 31. Nxc5 dxc5 32. Rxd5 g5 33.
h3 Ne3 34. Rd3 Nc4 35. fxg5+ Kxg5 36. Kh2 Kf5 37. Rd7 a5 38. g4+ Kf4 39. Rf7
Kg5 40. Kg3 Ne5 41. Rg7+ Kh6 42. Rb7 Nc4 43. Rc7 Kg6 44. Rc6 Kg5 45. h4+ Kg6
46. Kf4 Kf7 47. Kf5 Ne3+ 48. Kf4 Nc4 49. Ke4 Nd2+ 50. Kd5 Nf3 51. h5 Nh4 52.
Rxb6 f5 53. gxf5 1-0

[Event "FICS rated blitz game"]
[Site "FICS freechess.org"]
[Date "2018.01.23"]
[Round "?"]
[White "arju"]
[Black "yuripn"]
[Result "1-0"]
[WhiteElo "1662"]
[BlackElo "1772"]
[PlyCount "81"]
[EventDate "2018.??.??"]
[EventType "blitz"]

1. e4 e5 2. Nf3 Nc6 3. c3 Bc5 4. d4 exd4 5. cxd4 Bb6 6. d5 Nce7 7. Nc3 d6 8. h3
Ng6 9. Be2 N8e7 10. O-O O-O 11. b4 h6 12. a4 a6 13. b5 axb5 14. Nxb5 Ne5 15.
Nxe5 dxe5 16. Bb2 Ng6 17. Qc2 Re8 18. Rac1 Nf4 19. Bf3 Qg5 20. Kh2 Ng6 21. Nxc7
Qf4+ 22. Kh1 Bxh3 23. Qd3 Bxc7 24. Rxc7 Bc8 25. g3 Qg5 26. Qe3 Qxe3 27. fxe3
Rxa4 28. Rfc1 Bh3 29. Kh2 Bg4 30. Bxg4 Rxe4 31. Bf5 Rxe3 32. Bxg6 fxg6 33. Rxb7
Re2+ 34. Kh3 h5 35. Ba3 g5 36. Rcc7 g4+ 37. Kh4 Rh2+ 38. Kg5 h4 39. Rxg7+ Kh8
40. Rh7+ Kg8 41. Rbg7# {Black checkmated} 1-0

[Event "FICS rated blitz game"]
[Site "FICS freechess.org"]
[Date "2018.01.23"]
[Round "?"]
[White "karthikg"]
[Black "SomanNair"]
[Result "0-1"]
[WhiteElo "1793"]
[BlackElo "1544"]
[PlyCount "64"]
[EventDate "2018.??.??"]
[EventType "blitz"]

1. e4 e5 2. Nf3 Nc6 3. c3 d6 4. h3 Nf6 5. d3 Be7 6. Be3 O-O 7. Qc2 h6 8. d4 Nh7
9. Bd3 Bg5 10. Nxg5 Nxg5 11. O-O Nxh3+ 12. gxh3 Bxh3 13. Re1 Qh4 14. Bf1 Qg4+
15. Kh2 Bxf1 16. Rxf1 f5 17. f4 Rf6 18. Qg2 Qh5+ 19. Qh3 Qe2+ 20. Rf2 Qd3 21.
Nd2 Raf8 22. fxe5 dxe5 23. Rxf5 exd4 24. Rxf6 Rxf6 25. cxd4 Nxd4 26. Re1 Nc2
27. Nf1 Nxe1 28. Bf2 Nf3+ 29. Kg2 Qxe4 30. Ng3 Ne1+ 31. Kf1 Qf3 32. Qh1 Qxf2# {
White checkmated} 0-1

[Event "FICS rated blitz game"]
[Site "FICS freechess.org"]
[Date "2018.01.23"]
[Round "?"]
[White "capricornus"]
[Black "ABSBEGINNER"]
[Result "1-0"]
[WhiteElo "1355"]
[BlackElo "1304"]
[PlyCount "97"]
[EventDate "2018.??.??"]
[EventType "blitz"]

1. e4 e5 2. Nf3 Nc6 3. c3 Be7 4. d3 Nf6 5. b4 O-O 6. b5 Nb8 7. Nxe5 d6 8. Nf3
Bd7 9. c4 c6 10. a4 cxb5 11. axb5 a6 12. bxa6 Nxa6 13. Bb2 Nc5 14. Rxa8 Qxa8
15. Be2 Qa5+ 16. Bc3 Qc7 17. O-O Ba4 18. Qd2 Qb6 19. Bd4 Qc7 20. Bxc5 dxc5 21.
Nc3 Bd7 22. Nd5 Nxd5 23. exd5 b5 24. Ne1 Bf6 25. cxb5 Bxb5 26. Nc2 c4 27. dxc4
Bxc4 28. Bxc4 Qxc4 29. Ne3 Qe4 30. d6 Rd8 31. d7 h6 32. h3 Qc6 33. Rd1 Bg5 34.
Qd4 Bxe3 35. fxe3 Kf8 36. Qb4+ Kg8 37. Qd4 Kf8 38. e4 g6 39. Qb4+ Kg7 40. Qe7
Qb6+ 41. Kh2 Qc7+ 42. Kh1 Qa5 43. Rf1 Rf8 44. Rd1 Qd8 45. Qe5+ f6 46. Qe6 Rf7
47. Qe8 Rxd7 48. Qxd8 Rxd8 49. Rxd8 {Black resigns} 1-0

[Event "FICS rated blitz game"]
[Site "FICS freechess.org"]
[Date "2018.01.22"]
[Round "?"]
[White "willowblackwill"]
[Black "Rockvtp"]
[Result "1-0"]
[WhiteElo "1287"]
[BlackElo "1278"]
[PlyCount "35"]
[EventDate "2018.??.??"]
[EventType "blitz"]

1. e4 e5 2. Nf3 Nc6 3. c3 d6 4. h3 Qf6 5. Bb5 Bd7 6. d3 a6 7. Bxc6 Bxc6 8. Be3
d5 9. O-O dxe4 10. dxe4 Bxe4 11. Qd2 Bxf3 12. gxf3 Bd6 13. Qe2 Nh6 14. Nd2 Nf5
15. Kh1 Nh4 16. Rg1 Qf5 17. Rg4 h5 18. Rg3 1-0

[Event "FICS rated blitz game"]
[Site "FICS freechess.org"]
[Date "2018.01.22"]
[Round "?"]
[White "turnipforwhat"]
[Black "billllbo"]
[Result "1-0"]
[WhiteElo "1069"]
[BlackElo "1333"]
[PlyCount "71"]
[EventDate "2018.??.??"]
[EventType "blitz"]

1. e4 e5 2. Nf3 Nc6 3. c3 a6 4. d4 exd4 5. cxd4 Bb4+ 6. Nbd2 Nf6 7. Bd3 d6 8.
O-O Bg4 9. a3 Ba5 10. b4 Bb6 11. Qb3 Nxd4 12. Nxd4 Bxd4 13. Bb2 Bxb2 14. Qxb2
O-O 15. f3 Bd7 16. Rae1 Bb5 17. Bxb5 axb5 18. e5 Nd5 19. exd6 Qxd6 20. Ne4 Qb6+
21. Nc5 Nf4 22. Kh1 Qg6 23. Nd7 Rfd8 24. Ne5 Qa6 25. Qb3 Ne6 26. Rd1 Rxd1 27.
Rxd1 Qxa3 28. Qd5 Qxb4 29. h3 g6 30. Qd7 Qb3 31. Qxf7+ Kh8 32. Qf6+ Ng7 33.
Nf7+ Kg8 34. Nh6+ Kh8 35. Rd8+ Rxd8 36. Qxd8+ {Black resigns} 1-0

[Event "FICS rated blitz game"]
[Site "FICS freechess.org"]
[Date "2018.01.22"]
[Round "?"]
[White "lopencjo"]
[Black "udo"]
[Result "1-0"]
[WhiteElo "1885"]
[BlackElo "1622"]
[PlyCount "67"]
[EventDate "2018.??.??"]
[EventType "blitz"]

1. e4 e5 2. Nf3 Nc6 3. c3 Bc5 4. d4 exd4 5. cxd4 Bb4+ 6. Nc3 d6 7. Bb5 Bd7 8.
Bxc6 Bxc6 9. d5 Bb5 10. Nd2 Nf6 11. Nxb5 O-O 12. O-O Re8 13. Re1 a6 14. Nc3 Qd7
15. Qc2 Qg4 16. f3 Qg6 17. Nf1 Nh5 18. a3 Ba5 19. b4 Bb6+ 20. Be3 Nf4 21. Bxb6
cxb6 22. Qd2 Qg5 23. g3 Nh3+ 24. Kg2 Qh5 25. Ne2 Rac8 26. Rac1 f5 27. Nf4 Nxf4+
28. Qxf4 fxe4 29. fxe4 Rf8 30. Rxc8 Rxc8 31. Ne3 Rf8 32. Qg4 Qe5 33. Qe6+ Qxe6
34. dxe6 {Black resigns} 1-0

[Event "FICS rated blitz game"]
[Site "FICS freechess.org"]
[Date "2018.01.22"]
[Round "?"]
[White "franguly"]
[Black "TomBA"]
[Result "0-1"]
[WhiteElo "1361"]
[BlackElo "1465"]
[PlyCount "56"]
[EventDate "2018.??.??"]
[EventType "blitz"]

1. e4 e5 2. Nf3 Nc6 3. c3 Nf6 4. Qc2 Bc5 5. Be2 O-O 6. O-O d6 7. d3 a5 8. Bg5
h6 9. Bh4 g5 10. Bg3 Bg4 11. Nbd2 b5 12. Nb3 Bb6 13. a3 a4 14. Nbd2 Kh7 15. d4
exd4 16. e5+ Kg7 17. exf6+ Qxf6 18. cxd4 Nxd4 19. Nxd4 Qxd4 20. Bxg4 Qxg4 21.
Rfe1 Rfe8 22. Kh1 h5 23. Re4 Qd7 24. h3 h4 25. Bh2 Qf5 26. Rc1 Qxf2 27. Nf3
Qxc2 28. Rxc2 Rxe4 0-1

[Event "FICS rated blitz game"]
[Site "FICS freechess.org"]
[Date "2018.01.22"]
[Round "?"]
[White "lailasbar"]
[Black "tenkmegalomaniacs"]
[Result "0-1"]
[WhiteElo "1448"]
[BlackElo "1301"]
[PlyCount "82"]
[EventDate "2018.??.??"]
[EventType "blitz"]

1. e4 e5 2. Nf3 Nc6 3. c3 Bc5 4. d4 exd4 5. cxd4 Bb6 6. d5 Nce7 7. Nc3 Ng6 8.
Bd3 N8e7 9. O-O d6 10. Qe2 Bg4 11. h3 Bd7 12. Be3 O-O 13. Nd4 Qc8 14. f3 Ne5
15. Bc2 f5 16. Nxf5 Nxf5 17. exf5 Bxf5 18. Bxf5 Qxf5 19. Bxb6 axb6 20. Qe4 Qg5
21. f4 Qg6 22. fxe5 dxe5 23. Qxe5 Rfe8 24. Qxc7 Re3 25. Kh2 Rae8 26. Qf4 h6 27.
d6 Rd3 28. Rad1 Rd8 29. Rxd3 Qxd3 30. Qf7+ Kh7 31. Rd1 Qc2 32. Qe7 Rc8 33. Qe4+
Qxe4 34. Nxe4 Rd8 35. d7 Kg6 36. g4 Kf7 37. g5 h5 38. Nd6+ Ke7 39. Nxb7 Rxd7
40. Re1+ Kf7 41. Rf1+ Kg6 0-1

[Event "FICS rated blitz game"]
[Site "FICS freechess.org"]
[Date "2018.01.22"]
[Round "?"]
[White "awitaliy"]
[Black "fenomen"]
[Result "0-1"]
[WhiteElo "1341"]
[BlackElo "1297"]
[PlyCount "60"]
[EventDate "2018.??.??"]
[EventType "blitz"]

1. e4 e5 2. Nf3 Nc6 3. c3 Nf6 4. Bd3 d6 5. h3 Be7 6. O-O O-O 7. Bc2 h6 8. d4
exd4 9. cxd4 Re8 10. Nh2 Bf8 11. d5 Ne5 12. f4 Ng6 13. Nc3 Qe7 14. Nf3 c6 15.
dxc6 bxc6 16. Re1 Bb7 17. e5 dxe5 18. fxe5 Nd5 19. Ne4 Red8 20. Nd6 Qd7 21.
Bxg6 fxg6 22. Qc2 Bxd6 23. exd6 Qxd6 24. Nh4 g5 25. Nf5 Qf6 26. Rb1 Rf8 27. Ng3
Qd4+ 28. Kh1 Rf2 29. Qg6 Nf4 30. Bxf4 Rxf4 0-1

[Event "FICS rated blitz game"]
[Site "FICS freechess.org"]
[Date "2018.01.22"]
[Round "?"]
[White "willyaplayme"]
[Black "prickler"]
[Result "0-1"]
[WhiteElo "1405"]
[BlackElo "1625"]
[PlyCount "112"]
[EventDate "2018.??.??"]
[EventType "blitz"]

1. e4 e5 2. Nf3 Nc6 3. c3 Bc5 4. Qe2 Nge7 5. Qc4 O-O 6. Qxc5 d6 7. Qc4 Kh8 8.
Qe2 f5 9. d3 fxe4 10. dxe4 Ng6 11. g3 Qf6 12. Bg2 Bg4 13. Bg5 Bxf3 14. Bxf3
Qxf3 15. Qxf3 Rxf3 16. O-O h6 17. Nd2 Rf7 18. Be3 Raf8 19. Kg2 Nge7 20. f3 g5
21. Rf2 Kg7 22. g4 Kg6 23. Raf1 a6 24. Nc4 d5 25. exd5 Nxd5 26. Bc5 Rd8 27. Re1
Nf4+ 28. Kf1 Nd3 29. Rd1 Nxc5 30. Rxd8 Nxd8 31. Nxe5+ Kf6 32. Nc4 Nc6 33. Re2
Re7 34. Rc2 Ne5 35. Ne3 Nxf3 36. Kf2 Ne5 37. Nd5+ Ke6 38. Nxe7 Kxe7 39. Re2 Kd6
40. Ke3 Nxg4+ 41. Kd4 Ne6+ 42. Kc4 Ne5+ 43. Kb3 Nf4 44. Rd2+ Ke6 45. Rd8 Nf3
46. Rh8 h5 47. Rg8 Kf5 48. Rc8 Nxh2 49. Rxc7 g4 50. Rxb7 g3 51. Rg7 g2 52. Rg8
Nf3 53. c4 g1=Q 54. c5 Qxc5 55. Re8 Qb5+ 56. Kc2 Qxe8 {White resigns} 0-1

[Event "FICS rated blitz game"]
[Site "FICS freechess.org"]
[Date "2018.01.22"]
[Round "?"]
[White "DroukLazher"]
[Black "spuddet"]
[Result "1-0"]
[WhiteElo "1384"]
[BlackElo "1461"]
[PlyCount "91"]
[EventDate "2018.??.??"]
[EventType "blitz"]

1. e4 e5 2. Nf3 Nc6 3. c3 d6 4. Bc4 Nf6 5. O-O Nxe4 6. Re1 Be7 7. Bxf7+ Kxf7 8.
Rxe4 Rf8 9. d4 exd4 10. Qb3+ d5 11. Rf4+ Kg8 12. Rxf8+ Bxf8 13. cxd4 Bg4 14.
Bg5 Qe8 15. Qxd5+ Be6 16. Qb5 Rc8 17. Nc3 Qg6 18. Qxb7 Bg4 19. Qb3+ Kh8 20. Ne5
Nxe5 21. dxe5 Qxg5 22. Nd5 Bh3 23. Qxh3 Rd8 24. Ne3 Qxe5 25. Re1 Qxb2 26. Qh4
Re8 27. Rf1 Qxa2 28. Ng4 Qa4 29. Qh5 c5 30. Ne3 h6 31. Nc4 Re2 32. Ne5 Rd2 33.
Ng6+ Kg8 34. Qf5 Rd8 35. Qe6+ Kh7 36. Qf5 Kg8 37. Ne5 Qe8 38. Re1 Rd5 39. f4 c4
40. Qc2 Bc5+ 41. Kh1 Qe6 42. Qxc4 h5 43. Qc1 Rxe5 44. Rxe5 Qc6 45. Rxc5 Qxc5
46. Qc2 1-0

[Event "FICS rated blitz game"]
[Site "FICS freechess.org"]
[Date "2018.01.22"]
[Round "?"]
[White "willyaplayme"]
[Black "prickler"]
[Result "0-1"]
[WhiteElo "1403"]
[BlackElo "1627"]
[PlyCount "48"]
[EventDate "2018.??.??"]
[EventType "blitz"]

1. e4 e5 2. Nf3 Nc6 3. c3 Bc5 4. Qe2 Nge7 5. h3 O-O 6. g3 d5 7. d3 dxe4 8. dxe4
f5 9. Nbd2 f4 10. g4 Ng6 11. Bg2 Qe7 12. b4 Bb6 13. Nc4 Be6 14. Nxb6 axb6 15.
Bf1 Rfd8 16. Bg2 Rd7 17. O-O Rad8 18. Bb2 Nh4 19. Nxh4 Qxh4 20. f3 Rd2 21. Qb5
Rxb2 22. Rfe1 Qg3 23. Qf1 Bc4 24. Qf2 Rxf2 {White resigns} 0-1

[Event "FICS rated blitz game"]
[Site "FICS freechess.org"]
[Date "2018.01.22"]
[Round "?"]
[White "bakonyi"]
[Black "akx"]
[Result "1-0"]
[WhiteElo "2024"]
[BlackElo "1854"]
[PlyCount "45"]
[EventDate "2018.??.??"]
[EventType "blitz"]

1. e4 e5 2. Nf3 Nc6 3. c3 Nf6 4. d4 exd4 5. e5 Nd5 6. cxd4 Bb4+ 7. Bd2 Bxd2+ 8.
Nbxd2 d6 9. Bc4 dxe5 10. dxe5 O-O 11. O-O Be6 12. Ne4 h6 13. Nc5 Nce7 14. Nxb7
Qb8 15. Nc5 Qxb2 16. Nxe6 fxe6 17. Nd4 Qb6 18. Rb1 Qc5 19. Bb3 Nc3 20. Nxe6
Qxe5 21. Nxf8+ Kxf8 22. Qf3+ Qf6 23. Qxa8+ {Black resigns} 1-0

[Event "FICS rated blitz game"]
[Site "FICS freechess.org"]
[Date "2018.01.22"]
[Round "?"]
[White "BiH"]
[Black "DiduLudidu"]
[Result "0-1"]
[WhiteElo "1592"]
[BlackElo "1624"]
[PlyCount "50"]
[EventDate "2018.??.??"]
[EventType "blitz"]

1. e4 e5 2. Nf3 Nc6 3. c3 Nf6 4. d4 Nxe4 5. d5 Nb8 6. Nxe5 d6 7. Nc4 Be7 8. Bf4
O-O 9. Ne3 Bg5 10. Qf3 Bxf4 11. Qxe4 Bxe3 12. fxe3 Nd7 13. Bd3 f5 14. Qe6+ Kh8
15. Bxf5 Ne5 16. Qxc8 Rxc8 17. Bxc8 Qxc8 18. Kd1 Qg4+ 19. Kc2 Qxg2+ 20. Nd2
Qg6+ 21. e4 Rf2 22. Rae1 Nf3 23. Rd1 Nxd2 24. Rxd2 Qxe4+ 25. Kc1 Rxd2 {White
resigns} 0-1

[Event "FICS rated blitz game"]
[Site "FICS freechess.org"]
[Date "2018.01.22"]
[Round "?"]
[White "bongrain"]
[Black "MrScrumps"]
[Result "0-1"]
[WhiteElo "1326"]
[BlackElo "1208"]
[PlyCount "54"]
[EventDate "2018.??.??"]
[EventType "blitz"]

1. e4 e5 2. Nf3 Nc6 3. c3 Bc5 4. d4 exd4 5. cxd4 Bb6 6. Be2 d6 7. O-O Nf6 8.
Nc3 O-O 9. Bg5 h6 10. Bh4 g5 11. Bg3 Nh5 12. d5 Nxg3 13. hxg3 Ne5 14. Nxe5 dxe5
15. Bh5 Qd6 16. Qb3 Bd7 17. Rac1 Rac8 18. a4 a6 19. a5 Ba7 20. Qxb7 Bd4 21. Qb3
f5 22. Ne2 fxe4 23. Nxd4 exd4 24. Qc4 Qf6 25. Rcd1 Bb5 26. Qxd4 Bxf1 27. Rxf1
Qxd4 {White resigns} 0-1

[Event "FICS rated blitz game"]
[Site "FICS freechess.org"]
[Date "2018.01.22"]
[Round "?"]
[White "denk"]
[Black "jirikb"]
[Result "1-0"]
[WhiteElo "1400"]
[BlackElo "1399"]
[PlyCount "67"]
[EventDate "2018.??.??"]
[EventType "blitz"]

1. e4 e5 2. Nf3 Nc6 3. c3 Bc5 4. Bc4 d6 5. O-O Bg4 6. d4 exd4 7. cxd4 Nxd4 8.
Qa4+ c6 9. Nxd4 Bxd4 10. Bxf7+ Kxf7 11. Qxd4 Nf6 12. Bg5 Re8 13. e5 dxe5 14.
Qc4+ Qd5 15. Qb4 Re7 16. Bxf6 gxf6 17. Qxg4 Rg8 18. Qh5+ Kf8 19. f3 Reg7 20.
Qh6 Ke7 21. g4 Qd4+ 22. Kh1 Qxb2 23. Nd2 e4 24. Nxe4 Qe5 25. Rae1 Kf7 26. Ng3
Qg5 27. Qh3 Qd5 28. Rd1 Qxa2 29. Nf5 Rg5 30. Qxh7+ R8g7 31. Nxg7 Rxg7 32. Rd7+
Ke8 33. Qxg7 Qe6 34. Rxb7 {Black resigns} 1-0

[Event "FICS rated blitz game"]
[Site "FICS freechess.org"]
[Date "2018.01.22"]
[Round "?"]
[White "bukowskic"]
[Black "Verloc"]
[Result "1-0"]
[WhiteElo "1735"]
[BlackElo "1674"]
[PlyCount "87"]
[EventDate "2018.??.??"]
[EventType "blitz"]

1. e4 e5 2. c3 Nc6 3. Nf3 Bc5 4. Bb5 d6 5. d4 exd4 6. cxd4 Bb4+ 7. Bd2 Bxd2+ 8.
Qxd2 Bd7 9. d5 Nce7 10. Bxd7+ Qxd7 11. O-O Nf6 12. Nc3 O-O 13. Rfe1 h6 14. Nd4
Ng6 15. g3 Ne5 16. f4 Ng6 17. Nf5 a6 18. Qd3 Rae8 19. Re2 Rd8 20. Rae1 c6 21.
dxc6 Qxc6 22. e5 dxe5 23. Qb1 exf4 24. gxf4 Nxf4 25. Ne7+ Kh8 26. Nxc6 Nxe2+
27. Nxe2 bxc6 28. Ng3 Ng4 29. Rd1 Rde8 30. Re1 Rd8 31. Qf5 Nf6 32. Ne4 Nd5 33.
Nc5 Rd6 34. Ne4 Rg6+ 35. Kh1 a5 36. Rf1 Ne3 37. Qxg6 fxg6 38. Rxf8+ Kh7 39. Rc8
Nc4 40. Rxc6 Nxb2 41. Rc5 Nd1 42. Rxa5 Nf2+ 43. Nxf2 h5 44. Rb5 {Black resigns}
1-0

[Event "FICS rated blitz game"]
[Site "FICS freechess.org"]
[Date "2018.01.22"]
[Round "?"]
[White "Andinn"]
[Black "suejane"]
[Result "1-0"]
[WhiteElo "904"]
[BlackElo "962"]
[PlyCount "53"]
[EventDate "2018.??.??"]
[EventType "blitz"]

1. e4 e5 2. Nf3 Nc6 3. c3 Nf6 4. Bc4 Nxe4 5. Bxf7+ Kxf7 6. d3 Nxf2 7. Kxf2 Bc5+
8. d4 exd4 9. cxd4 Nxd4 10. Nxd4 Bxd4+ 11. Qxd4 Re8 12. Rf1 Kg8 13. Kg1 d6 14.
Qd5+ Be6 15. Qf3 c5 16. Qxb7 c4 17. Nc3 a6 18. Qe4 Qb6+ 19. Kh1 d5 20. Qh4 Rf8
21. Bf4 Qxb2 22. Qg3 d4 23. Be5 Rxf1+ 24. Rxf1 Ra7 25. Rb1 Qxc3 26. Rb8+ Kf7
27. Qxg7# {Black checkmated} 1-0

[Event "FICS unrated blitz game"]
[Site "FICS freechess.org"]
[Date "2018.01.22"]
[Round "?"]
[White "ukw"]
[Black "kalu"]
[Result "0-1"]
[WhiteElo "1602"]
[BlackElo "1552"]
[PlyCount "20"]
[EventDate "2018.??.??"]
[EventType "blitz"]

1. e4 e5 2. Nf3 Nc6 3. c3 d5 4. Qa4 dxe4 5. Nxe5 Nf6 6. Nxc6 bxc6 7. Qxc6+ Bd7
8. Qc4 a6 9. d4 Bb5 10. Qc5 Bxc5 {White resigns} 0-1

[Event "FICS rated blitz game"]
[Site "FICS freechess.org"]
[Date "2018.01.22"]
[Round "?"]
[White "Chilenodecorazon"]
[Black "begunner"]
[Result "0-1"]
[WhiteElo "1382"]
[BlackElo "1562"]
[PlyCount "78"]
[EventDate "2018.??.??"]
[EventType "blitz"]

1. e4 e5 2. Nf3 Nc6 3. c3 Bc5 4. d4 exd4 5. cxd4 Bb6 6. Be3 d5 7. e5 Nge7 8. h3
Nf5 9. Bd3 Nxe3 10. fxe3 O-O 11. a3 f5 12. b4 Ne7 13. Nbd2 Ng6 14. Nh2 Qh4+ 15.
Kf1 f4 16. Ndf3 fxe3 17. Qe2 Qxd4 18. Rd1 Qxe5 19. Bxg6 hxg6 20. Ng4 Qf4 21.
Re1 d4 22. Qd3 Bf5 23. Qc4+ Kh7 24. Kg1 d3 25. Qxf4 e2+ 26. Kh2 Bxg4 27. hxg4
Rxf4 28. Kg3+ Kg8 29. Kxf4 Rf8+ 30. Kg3 Be3 31. g5 Bf4+ 32. Kg4 Be3 33. a4 b6
34. a5 c5 35. axb6 axb6 36. bxc5 bxc5 37. Ra1 c4 38. Ra3 d2 39. Nxd2 Bxd2 0-1

[Event "FICS rated blitz game"]
[Site "FICS freechess.org"]
[Date "2018.01.22"]
[Round "?"]
[White "feroze"]
[Black "Fabikko"]
[Result "1-0"]
[WhiteElo "1431"]
[BlackElo "1314"]
[PlyCount "65"]
[EventDate "2018.??.??"]
[EventType "blitz"]

1. e4 e5 2. Nf3 Nc6 3. c3 Bc5 4. d4 exd4 5. cxd4 Bb4+ 6. Nc3 d6 7. a3 Ba5 8. b4
Bb6 9. Bc4 Qf6 10. Nd5 Qg6 11. O-O Bh3 12. Nh4 Qg4 13. Qxg4 Bxg4 14. f3 Be6 15.
Nxb6 axb6 16. d5 Bxd5 17. Bxd5 Nd4 18. Be3 Nc2 19. Rae1 Nxe1 20. Rxe1 c6 21.
Bc4 b5 22. Be2 Rxa3 23. Bd2 Ne7 24. Nf5 Nxf5 25. exf5 O-O 26. g4 Ra2 27. Bf4
Re8 28. Kf1 d5 29. Bd6 f6 30. h4 Re3 31. Bd1 Rxe1+ 32. Kxe1 Rh2 33. Bxh2 {
Black resigns} 1-0

[Event "FICS rated blitz game"]
[Site "FICS freechess.org"]
[Date "2018.01.22"]
[Round "?"]
[White "BiH"]
[Black "DiduLudidu"]
[Result "0-1"]
[WhiteElo "1594"]
[BlackElo "1622"]
[PlyCount "140"]
[EventDate "2018.??.??"]
[EventType "blitz"]

1. e4 e5 2. Nf3 Nc6 3. c3 Nf6 4. d4 Nxe4 5. d5 Nb8 6. Nxe5 d6 7. Nc4 Be7 8. Bd3
Nf6 9. O-O Nbd7 10. Re1 O-O 11. Qe2 Re8 12. Qf3 Nc5 13. Bc2 Bg4 14. Qg3 Bh5 15.
f3 Bg6 16. Bxg6 hxg6 17. Be3 Nxd5 18. Bxc5 dxc5 19. Nbd2 Bd6 20. Nxd6 Qxd6 21.
Ne4 Qxg3 22. hxg3 b6 23. Kf2 Rad8 24. Ng5 Nf6 25. Red1 Rxd1 26. Rxd1 Nh7 27.
Nxh7 Kxh7 28. Rd7 Kg8 29. Rxc7 Rd8 30. Ke2 Re8+ 31. Kd2 Rd8+ 32. Kc2 Re8 33.
Rxa7 Re2+ 34. Kb3 Rxg2 35. Rb7 Rxg3 36. Rxb6 Rxf3 37. a4 Rf1 38. a5 Ra1 39. a6
g5 40. Kc4 g4 41. Kb5 g3 42. Rb8+ Kh7 43. Rb7 Kg6 44. Rb6+ f6 45. Kxc5 g2 46.
b4 g1=Q+ 47. Kb5 Qf1+ 48. c4 Qf5+ 49. c5 Qd3+ 50. Kc6 Rxa6 51. b5 Rxb6+ 52.
Kxb6 f5 53. c6 f4 54. c7 Qc4 55. Kb7 f3 56. c8=Q Qxc8+ 57. Kxc8 f2 58. b6 f1=Q
59. b7 Qc4+ 60. Kd8 Qb5 61. Kc7 Qc5+ 62. Kd8 Qb6+ 63. Kc8 Qxb7+ 64. Kxb7 Kf5
65. Kc6 g5 66. Kc5 g4 67. Kc4 g3 68. Kd3 g2 69. Ke2 g1=Q 70. Kf3 Qa1 {White
resigns} 0-1

[Event "FICS rated blitz game"]
[Site "FICS freechess.org"]
[Date "2018.01.22"]
[Round "?"]
[White "kiknit"]
[Black "saadbaraa"]
[Result "1-0"]
[WhiteElo "1431"]
[BlackElo "1484"]
[PlyCount "43"]
[EventDate "2018.??.??"]
[EventType "blitz"]

1. e4 e5 2. Nf3 Nc6 3. c3 d6 4. d4 exd4 5. Nxd4 Nge7 6. Bb5 Bd7 7. Qf3 Ng6 8.
Bc4 Nce5 9. Qe2 Be7 10. Bb3 O-O 11. Nf3 Be6 12. Bc2 f5 13. exf5 Bxf5 14. Bxf5
Rxf5 15. Nd4 Rf8 16. Ne6 Qd7 17. Nxf8 Rxf8 18. O-O Ng4 19. Nd2 N6e5 20. Ne4 d5
21. Ng3 c6 22. h3 {Black resigns} 1-0

[Event "FICS rated blitz game"]
[Site "FICS freechess.org"]
[Date "2018.01.22"]
[Round "?"]
[White "ruskim"]
[Black "tuffnut"]
[Result "1-0"]
[WhiteElo "1381"]
[BlackElo "1007"]
[PlyCount "61"]
[EventDate "2018.??.??"]
[EventType "blitz"]

1. e4 e5 2. Nf3 Nc6 3. c3 Nf6 4. Bd3 Be7 5. Bc2 h6 6. d4 exd4 7. cxd4 d6 8. O-O
O-O 9. a3 Bg4 10. Qd3 Re8 11. e5 dxe5 12. d5 e4 13. Qe3 Bxf3 14. dxc6 Bxg2 15.
Kxg2 bxc6 16. Nc3 Bd6 17. Kh1 Nd5 18. Nxd5 cxd5 19. Rg1 Kh7 20. Qd4 Qf6 21.
Qxf6 gxf6 22. Be3 Be5 23. f4 Bxb2 24. Ra2 Bc3 25. Rd1 c6 26. Ba4 Rec8 27. Rc2
Ba5 28. Bxc6 Rab8 29. Bxa7 Rb3 30. Bxd5 Rxa3 31. Rxc8 {Black resigns} 1-0

[Event "FICS rated blitz game"]
[Site "FICS freechess.org"]
[Date "2018.01.22"]
[Round "?"]
[White "RADACK"]
[Black "HSKHKU"]
[Result "1-0"]
[WhiteElo "1502"]
[BlackElo "1535"]
[PlyCount "65"]
[EventDate "2018.??.??"]
[EventType "blitz"]

1. e4 e5 2. Nf3 Nc6 3. c3 h6 4. d4 a6 5. d5 Nce7 6. Bd3 d6 7. h3 f5 8. exf5
Bxf5 9. O-O Bxd3 10. Qxd3 Nf6 11. Qc2 e4 12. Nd4 Nexd5 13. Re1 Be7 14. Ne6 Qd7
15. Nxg7+ Kf7 16. Nd2 Kxg7 17. Nxe4 Nxe4 18. Qxe4 c6 19. c4 Nf6 20. Qxe7+ Qxe7
21. Rxe7+ Kg6 22. Rxb7 d5 23. Bd2 d4 24. c5 Rhe8 25. Kf1 Re6 26. Rb6 a5 27. a4
Nd5 28. Rb7 Rae8 29. Re1 Rxe1+ 30. Bxe1 d3 31. Bxa5 Re2 32. Rb3 Rd2 33. Bxd2 {
Black resigns} 1-0